1056 1944 1801 1673 1405 1758 1909 1950 1005 1381 1542 1037 1538 1183 1368 1769 1600 1149 1287 1834 1967 1942 1773 1732 1126 1997 1785 1595 1911 1750 1083 1703 1230 1083 1674 1210 1508 1516 1043 1060 1361 1838 1090 1468 1210 1278 1735 1977 1833 1482 1977 1148 1845 1767 1913 1057 1883 1419 1327 1974 1103 1832 1232 1803 1868 1572 1979 1329 1384 1711 1923 1569 1664 1778 1874 1528 1002 1815 1167 1300 1904 1880 1591 1705 1305 1271 1184 1033 1829 1839 1562 1680 1726 1800 1112 1930 1971 1898 1018 BCNSPRNW ULIB Ver.6.0+V

เปลี่ยนเป็นภาษาไทย

Change to English
 แสดงรายละเอียดบรรณานุกรม
  กลับหน้าหลัก

Brief Record : Get Marc (ISO 2709) : E-mail record : QR code < ปิดหน้าต่าง
LEADER : 00000nam 2200000uu 4500
001    13399120972
003     ULIB
008    121029s2552||||th 000 0 tha d
020    ^a9789740318965
060 04 ^aWS350^bผ511ส 2552
100 0  ^aผกา สัตยธรรม
245 10 ^aสุขภาพจิตเด็ก /^cผกา สัตยธรรม
250    ^aพิมพ์ครั้งที่ 8
260    ^aกรุงเทพฯ :^bสำนักพิมพ์แห่งจุฬาลงกรณ์มหาวิทยาลัย,^c2552
300    ^a220 หน้า :^bภาพประกอบ ;^c21 ซม.
500    ^aตำราในโครงการและเอกสารทางวิชาการ คณะครุศาสตร์จุฬาลงกรณ์มหาวิทยาลัย
650  7 ^aจิตวิทยเด็ก
650  7 ^aเด็ก^xการดูแล
650  7 ^aเด็ก^xสุขภาพจิต
650  7 ^aเด็กที่เป็นปัญหา
650  7 ^aสุขภาพจิต^xในวัยทารกและเด็ก
945    ^p0^l0^i16923
945    ^p155^l0^i16922
995    ^aกัณชพร
999 ^a ใช้งานได้ทุกระบบ
รายการนี้ยังไม่มีแท็ก
คุณยังไม่ได้ล็อกอิน คุณสามารถมีกิจกรรมร่วมกับเว็บไซต์ได้ แต่ต้องล็อกอินก่อน ::
  ล็อกอิน

รายการสื่อสารสนเทศ

ลำดับที่ ประเภท เลขเรียก/บาร์โค้ด สถานที่ สถานะ
1. วิทยาศาสตร์การแพทย์ และสุขภาพ
วิทยาศาสตร์การแพทย์ และสุขภาพ
สถานะ=หนังสือเก่า
WS350 ผ511ส 2552  
  Barcode: 16923
ห้องสมุดวิทยาเขตนครสวรรค์
►ส่วนจัดเก็บหนังสือเก่า นว.
บนชั้น
  ขอยืม

รายการใกล้เคียง
    ผู้แต่ง [ผกา สัตยธรรม]

    หัวเรื่อง [จิตวิทยเด็ก]
    หัวเรื่อง [เด็ก การดูแล]
    หัวเรื่อง [เด็กที่เป็นปัญหา]

BibComment


ยังไม่เคยถูกคอมเมนท์

คอมเมนท์ทรัพยากรรายการนี้
  คอมเมนท์: สุขภาพจิตเด็ก ผ..


 Copyright 2026. Bcnsprnw @Library